Tvvo speeches of the right honourable William, Lord Vicount Say and Seale, Mr. of his Majesties Court of Wards and Liveries, and one of his Majesties most honourable Privy Councell, spoken in Parliament. : The first upon the bill against bishops power in civill affaires and courts of iudicature. The other a declaration of himselfe touching the liturgie.

Bibliographic Details
Main Author: Saye and Sele, William Fiennes, Viscount, 1582-1662
Corporate Author: England and Wales. Parliament
Format: eBook
Language:English
Published: London, : Printed for Thomas Vnderhill., 1641.
Series:Early English books online.
Subjects:
Online Access:Connect to the full text of this electronic book

MARC

Tag First Indicator Second Indicator Subfields
LEADER 00000nam a2200000Ia 4500
001 in00004340821
005 20200812094945.0
006 m g d
007 cr bn |||a|bb|
008 111206s1641 enk o 000 0 eng d
040 |a UMI  |c UMI  |e dcrb 
035 |a (OCoLC)767618631 
037 |a CL0037000137  |b ProQuest, 789 E. Eisenhower Parkway, Ann Arbor, MI 48108-3218 
043 |a e-uk--- 
045 0 |b d1641 
090 |a DA398 1641  |b .S28 1641 
049 |a UMIA 
100 1 |a Saye and Sele, William Fiennes,  |c Viscount,  |d 1582-1662. 
245 1 0 |a Tvvo speeches of the right honourable William, Lord Vicount Say and Seale, Mr. of his Majesties Court of Wards and Liveries, and one of his Majesties most honourable Privy Councell, spoken in Parliament. :  |b The first upon the bill against bishops power in civill affaires and courts of iudicature. The other a declaration of himselfe touching the liturgie. 
246 2 |a Two speeches of the right honourable William, Lord Vicount Say and Seale, Mr. of his Majesties Court of Wards and Liveries, and one of his Majesties most honourable Privy Councell, spoken in Parliament 
260 |a London, :  |b Printed for Thomas Vnderhill.,  |c 1641. 
300 |a 1 online resource ([2], 17 pages) 
336 |a text  |b txt  |2 rdacontent 
337 |a computer  |b c  |2 rdamedia 
338 |a online resource  |b cr  |2 rdacarrier 
500 |a Reproduction of original in: Henry E. Huntington Library and Art Gallery. 
510 4 |a Wing (2nd edition, 1994),  |c S796 
533 |a Electronic reproduction.  |b Ann Arbor, Mich. :  |c UMI,  |d 1999-  |f (Early English books online)  |n Digital version of: (Early English Books, 1641-1700 ; 3025:4)  |7 s1999 miun s 
610 2 0 |a Church of England  |x Liturgy  |v Early works to 1800. 
610 2 0 |a Church of England  |x Bishops  |x Temporal power  |v Early works to 1800. 
650 0 |a Church and state  |z England  |v Early works to 1800. 
710 1 |a England and Wales.  |b Parliament. 
830 0 |a Early English books online. 
856 4 0 |u http://proxy.library.tamu.edu/login?url=https://search.proquest.com/docview/2240864115  |z Connect to the full text of this electronic book  |t 0 
994 |a 02  |b UMI 
999 f f |s 66efdf4e-a740-30cb-9410-cd42b56b7625  |i d6705a38-4bbb-3bea-8069-c64a2e3c8172  |t 0 
952 f f |a Texas A&M University  |b College Station  |c Electronic Resources  |d Available Online  |t 0  |e DA398 1641 .S28 1641  |h Library of Congress classification 
998 f f |a DA398 1641 .S28 1641  |t 0  |l Available Online